000 01193cam a2200313 i 4500
001 bg
003 BPK
005 20220223091132.0
008 980713s1997 pl a |001 0 pol
015 _aPB 1997/13226
020 _a8320810922
040 _aWA N
_cBPK
080 _a339.9"1945/..."
080 _a339.5"1945/..."
080 _a(075.8)
245 0 0 _aMiędzynarodowe stosunki gospodarcze :
_bpraca zbiorowa /
_cpod red. Adama Budnikowskiego i Elżbiety Kaweckiej-Wyrzykowskiej ; [aut. Zbigniew Bako et al.].
250 _aWyd. 2 zm.
260 _aWarszawa :
_bPolskie Wydaw. Ekonomiczne,
_c1998.
300 _a324 s. :
_bwykr. ;
_c21 cm.
504 _aBibliogr. s. 317-320. - Indeks.
650 4 _aMiędzynarodowe stosunki gospodarcze
_yod 1945 r.
655 4 _aPodręczniki akademickie
700 1 _aBudnikowski, Adam
_d(1948- ).
_eRed.
700 1 _aBako, Zbigniew
_d(1940-2000)
710 2 _aPolskie Wydawnictwo Ekonomiczne
_4pbl.
700 1 _aKawecka-Wyrzykowska, Elżbieta
_d(1950- )
_eRedakcja
856 _uhttp://koha.tu.koszalin.pl/cgi-bin/koha/opac-detail.pl?biblionumber=33220
_yKatalog online BPK
942 _2UKD
_cKS
999 _c33220
_d33220